00367nam a2200145Ia 4500008004100000020001500041041001200056100001400068245006000082250000800142260003300150300000800183650001600191700001400207221030s9999 xx 000 0 und d a8126510870 aEnglish aR. Orfali 0aClient / Server Survival Guidecby R. Orfali, D. Harkey a3rd bWiley IndiaaNew Delhic2013 a762 aBE Computer aD. Harkey